Precise chemsitry higher secondary Std. XII (Record no. 796863)

MARC details
000 -LEADER
fixed length control field 00579nam a2200217Ia 4500
008 - FIXED-LENGTH DATA ELEMENTS--GENERAL INFORMATION
fixed length control field 101110s9999 xx 000 0 und d
041 ## - LANGUAGE CODE
Language code of text/sound track or separate title ENGLISH
082 ## - DEWEY DECIMAL CLASSIFICATION NUMBER
Item number JR6070
100 ## - MAIN ENTRY--PERSONAL NAME
Personal name Pabrekar P.N., Wali Kalid
245 ## - TITLE STATEMENT
Title Precise chemsitry higher secondary Std. XII
260 ## - PUBLICATION, DISTRIBUTION, ETC. (IMPRINT)
Date of publication, distribution, etc 2008
Name of publisher, distributor, etc Sheth prakashan,Thane
300 ## - PHYSICAL DESCRIPTION
Extent 460
365 ## - TRADE PRICE
Price amount 93
520 ## - SUMMARY, ETC.
Summary, etc Physics
546 ## - LANGUAGE NOTE
Language note ENGLISH
630 ## - SUBJECT ADDED ENTRY--UNIFORM TITLE
Uniform title Precise chemsitry higher secondary Std. XII
650 ## - SUBJECT ADDED ENTRY--TOPICAL TERM
Topical term or geographic name as entry element Physics
655 ## - INDEX TERM--GENRE/FORM
Genre/form data or focus term Physics
730 ## - ADDED ENTRY--UNIFORM TITLE
Uniform title Precise chemsitry higher secondary Std. XII
942 ## - ADDED ENTRY ELEMENTS (KOHA)
Koha item type Book
Holdings
Withdrawn status Lost status Damaged status Not for loan Home library Current library Date acquired Source of acquisition Cost, normal purchase price Shelving control number Total Checkouts Barcode Date last seen Price effective from Koha item type
        D. B. J. College, Chiplun D. B. J. College, Chiplun   S.B.Ghorpade,chiplun yanskadun bhet 93.00     DBJJR6070 11/11/2010 11/11/2010 Book